Clicca per salvare l'Italia - Statistics

Statistiche generali
  • Questo quiz è stato fatto 429 volte
    197 dall'ultimo reset
  • Il punteggio medio è 34 su 118
Statistiche sulle risposte
Hint Extra Hint Risposta % Corretto
0,5M Ogliastra + Aosta + Oristano + Biella
100%
1M Isernia + Gorizia + Vibo Valentia + Carbonia-Iglesias
99%
1,5M Massa-Carrara + Rieti + Verbano-Cusio-Ossola
91%
2M Medio Campidano + Enna + Caltanissetta
82%
2,5M Olbia-Tempio + Crotone + Vercelli
70%
3M Fermo + Sondrio + Matera
65%
3,5M Belluno + Teramo
65%
4M Nuoro + Macerata
64%
4,5M Ascoli Piceno + L'Aquila
61%
5M Imperia + Pistoia
59%
5,5M Asti + Piacenza
57%
6M Campobasso + Viterbo
55%
6,5M La Spezia + Savona
54%
7M Grosseto + Benevento
53%
7,5M Terni + Prato
53%
8M Lodi + Pordenone
49%
8,5M Trieste + Pescara
49%
9M Sassari + Rovigo
49%
9,5M Siena + Ragusa
49%
10M Livorno + Lecco
47%
10,5M Arezzo + Rimini
46%
11M Ferrara + Catanzaro
46%
11,5M Cremona + Potenza
46%
12M Pesaro e Urbino + Novara
46%
12,5M Chieti + Barletta-Andria-Trani
45%
13M Brindisi + Lucca
45%
13,5M Siracusa
45%
14M Ravenna
45%
14,5M Forlì-Cesena
43%
15M Avellino
43%
15,5M Mantova
42%
16M Alessandria
42%
16,5M Agrigento
41%
17M Pisa
41%
17,5M Trapani
39%
18M Parma
38%
18,5M Ancona
38%
19M Frosinone
38%
19,5M Udine
38%
20M Reggio Calabria
38%
20,5M Reggie Emilia
38%
21M Bolzano
38%
21,5M Pavia
38%
22M Trento
38%
22,5M Cagliari
38%
23M Taranto
38%
23,5M Latina
38%
24M Cuneo
38%
24,5M Como
34%
25M Foggia
31%
25,5M Messina
31%
26M Perugia
31%
26,5M Cosenza
31%
27M Modena
31%
27,5M Lecce
31%
28M Genova
31%
28,5M Genova
28%
29M Venezia
28%
29,5M Venezia
28%
30M Vicenza
28%
30,5M Vicenza
27%
31M Monza e Brianza
27%
31,5M Monza e Brianza
27%
32M Varese
23%
32,5M Varese
22%
33M Treviso
22%
33,5M Treviso
22%
34M Caserta
20%
34,5M Caserta
20%
35M Verona
20%
35,5M Verona
19%
36M Padova
19%
36,5M Padova
16%
37M Firenze
15%
37,5M Firenze
14%
38M Bologna
14%
38,5M Bologna
12%
39M Salerno
12%
39,5M Salerno
11%
40M Catania
11%
40,5M Catania
11%
41M Bergamo
9%
41,5M Bergamo
8%
42M Palermo
8%
42,5M Palermo
8%
43M Bari
8%
43,5M Bari
8%
44M Bari
8%
44,5M Brescia
8%
45M Brescia
8%
45,5M Brescia
8%
46M Torino
7%
46,5M Torino
7%
47M Torino
7%
47,5M Torino
7%
48M Torino
7%
48,5M Napoli
7%
49M Napoli
7%
49,5M Napoli
7%
50M Napoli
7%
50,5M Napoli
7%
51M Napoli
7%
51,5M Milano
7%
52M Milano
7%
52,5M Milano
7%
53M Milano
7%
53,5M Milano
5%
54M Milano
4%
54,5M Milano
4%
55M Roma
4%
55,5M Roma
4%
56M Roma
4%
56,5M Roma
4%
57M Roma
4%
57,5M Roma
4%
58M Roma
4%
58,5M Roma
4%
59M Roma
4%
Nessun quiz corrispondente trovato
Distribuzione punteggi
Percentuale di utenti per punteggio
Percentile per numero di risposta
I tuoi punteggi nel tempo
Non hai fatto questo quiz dall'ultimo reset